|
|
|
|
| LEADER |
01788nam a2200445 a 4500 |
| 001 |
EBC3040473 |
| 003 |
MiAaPQ |
| 005 |
20200520144314.0 |
| 006 |
m o d | |
| 007 |
cr cn||||||||| |
| 008 |
760212s1975 ne sb 101 0 eng d |
| 010 |
|
|
|z 75331179
|
| 020 |
|
|
|z 9027975892
|
| 020 |
|
|
|z 0202011488
|
| 020 |
|
|
|z 9789027975898
|
| 020 |
|
|
|a 9783110822168 (electronic bk.)
|
| 035 |
|
|
|a (MiAaPQ)EBC3040473
|
| 035 |
|
|
|a (Au-PeEL)EBL3040473
|
| 035 |
|
|
|a (CaPaEBR)ebr10588225
|
| 035 |
|
|
|a (CaONFJC)MIL571149
|
| 035 |
|
|
|a (OCoLC)654530743
|
| 040 |
|
|
|a MiAaPQ
|c MiAaPQ
|d MiAaPQ
|
| 050 |
|
4 |
|a HB851
|b .P575 1975
|
| 082 |
0 |
4 |
|a 301.32
|
| 245 |
0 |
0 |
|a Population and social organization
|h [electronic resource] /
|c editor, Moni Nag.
|
| 260 |
|
|
|a The Hague :
|b Mouton ;
|a Chicago :
|b distributed in the USA and Canada by Aldine,
|c c1975.
|
| 300 |
|
|
|a x, 367 p.
|
| 440 |
|
0 |
|a World anthropology
|
| 500 |
|
|
|a Articles published for the 9th International Congress of Anthropological and Ethnological Sciences, held in Chicago, 1973.
|
| 504 |
|
|
|a Includes bibliographical references and indexes.
|
| 505 |
0 |
|
|a pt. 1. Kinship, marriage, and fertility -- pt. 2. Population policy and family planning -- pt. 3. Migration.
|
| 533 |
|
|
|a Electronic reproduction. Ann Arbor, MI : ProQuest, 2015. Available via World Wide Web. Access may be limited to ProQuest affiliated libraries.
|
| 650 |
|
0 |
|a Population.
|
| 650 |
|
0 |
|a Families.
|
| 650 |
|
0 |
|a Birth control.
|
| 655 |
|
4 |
|a Electronic books.
|
| 700 |
1 |
|
|a Nag, Moni.
|
| 710 |
2 |
|
|a ProQuest (Firm)
|
| 711 |
2 |
|
|a International Congress of Anthropological and Ethnological Sciences
|n (9th :
|d 1973 :
|c Chicago, Ill.)
|
| 856 |
4 |
0 |
|u https://ebookcentral.proquest.com/lib/matrademy/detail.action?docID=3040473
|z Click to View
|